Αγορές και θεωρία του σμήνους : το παράδειγμα της ναυτιλίας : διπλωματική εργασία
Αποθηκεύτηκε σε:
| Κύριος συγγραφέας: | |
|---|---|
| Συγγραφή απο Οργανισμό/Αρχή: | |
| Άλλοι συγγραφείς: | |
| Μορφή: | Thesis Βιβλίο |
| Γλώσσα: | Greek |
| Δημοσίευση: |
2011
|
| Θέματα: | |
| Διαθέσιμο Online: | http://hdl.handle.net/11610/12855 |
| Ετικέτες: |
Προσθήκη ετικέτας
Δεν υπάρχουν, Καταχωρήστε ετικέτα πρώτοι!
|
MARC
| LEADER | 00000cam a2200000 i 4500 | ||
|---|---|---|---|
| 001 | 1/31766 | ||
| 008 | 130613s2011 gre d | ||
| 035 | |l 10114794 | ||
| 040 | |a GR-MY-UA |b gre |e aacr | ||
| 041 | 0 | |a gre | |
| 082 | 0 | |a 387.54 |2 (22) | |
| 100 | 1 | |a Κονίδης, Νικόλαος. | |
| 245 | 1 | 0 | |a Αγορές και θεωρία του σμήνους : |b το παράδειγμα της ναυτιλίας : διπλωματική εργασία / |c Νικόλαος Κονίδης ; επιβλέπων: Συριόπουλος Θεόδωρος |
| 260 | |c 2011 | ||
| 300 | |a 96 σ.; |b πίν.; |c 30 εκ. | ||
| 502 | |a Διατριβή (μεταπτυχιακή) – Πανεπιστήμιο Αιγαίου, Χίος, 2011. | ||
| 504 | |a Περιλαμβάνει βιβλιογραφία | ||
| 650 | 0 | 0 | |a Shipping |x Finance. |
| 650 | 0 | 0 | |a Shipping companies (Marine transportation) |x Economic aspects. |
| 650 | 0 | 0 | |a Swarm intelligence. |
| 650 | 0 | 0 | |a Dissertations, Academic |z Greece. |
| 700 | 1 | |a Συριόπουλος, Θεόδωρος. |4 ths | |
| 710 | 1 | |a Πανεπιστήμιο Αιγαίου |b Σχολή Επιστημών της Διοίκησης |b Τμήμα Ναυτιλίας και Επιχειρηματικών Υπηρεσιών |b Πρόγραμμα Μεταπτυχιακών Σπουδών "Ναυτιλία, Μεταφορές και Διεθνές Εμπόριο - ΝΑ.Μ.Ε.". | |
| 852 | |a INST |b CHIOS |c DIATR |e 20130613 |h 387.54 ΚΟΝ |p 005200033276 |q 005200033276 |t MTXE |y 23 | ||
| 852 | |a INST |b CHIOS |c DIATR |e 20130613 |h 387.54 ΚΟΝ |p 005200033277 |q 005200033277 |t MTXE |y 23 | ||
| 856 | |u http://hdl.handle.net/11610/12855 | ||
| 901 | |a BIBL2-2013-2 | ||
| 909 | |a Χ |b 175669 | ||
| 909 | |a Χ |b 175670 | ||
| 924 | |a Κονίδης |b Νικόλαος |y Χίος |z 2011-11 | ||
| 970 | |a Παροικάκη |b Βασιλική |z 2013/06/13 | ||